[Event "Washington Class-ch A"]
[Site "Seattle"]
[Date "2011.11.27"]
[Round "5"]
[White "Lawrence, Aaron"]
[Black "May, Sarah R"]
[Result "1/2-1/2"]
[WhiteElo "1706"]
[BlackElo "1820"]
[PlyCount "75"]
[EventDate "2011.11.25"]
[EventType "swiss"]
[EventRounds "6"]
[EventCountry "USA"]
[SourceTitle "EXT 2017"]
[Source "ChessBase"]
[SourceDate "2016.10.25"]
[SourceVersion "1"]
[SourceVersionDate "2016.10.25"]
[SourceQuality "1"]

1. d4 d5 2. Nf3 Nf6 3. Bf4 e6 4. e3 c5 5. c3 Nc6 6. Bd3 Bd6 7. Bxd6 Qxd6 8. Nbd2 0-0 9. 0-0 c4 10. Bc2 b5 11. e4 dxe4 12. Nxe4 Nxe4 13. Bxe4 h6 14. Qe2 Rb8 15. Rfe1 Bb7 16. Rad1 Ne7 17. Ne5 Bxe4 18. Qxe4 Rfc8 19. Qe2 Nd5 20. g3 Qc7 21. Qf3 a5 22. Ng4 b4 23. Rb1 Rb7 24. a3 Rcb8 25. axb4 axb4 26. Ra1 bxc3 27. bxc3 Ra7 28. Ne5 Rba8 29. Rxa7 Rxa7 30. Rc1 Ra3 31. Kg2 f6 32. Ng6 Qb6 33. Qe2 Rxc3 34. Rxc3 Nxc3 35. Qxc4 Qb7+ 36. Kg1 Qb1+ 37. Kg2 Qe4+ 38. Kh3 1/2-1/2